Industrial systems : planning, analysis, control

সংরক্ষণ করুন:
গ্রন্থ-পঞ্জীর বিবরন
প্রধান লেখক: Bedworth, David D
বিন্যাস: গ্রন্থ
ভাষা:English
প্রকাশিত: New York, New York : Ronald Press, c1973.
বিষয়গুলি:
ট্যাগগুলো: ট্যাগ যুক্ত করুন
কোনো ট্যাগ নেই, প্রথমজন হিসাবে ট্যাগ করুন!

MARC

LEADER 00000nam a2200000Ia 4500
003 002450
005 20221231143934.0
008 140114s1973 nyua 000 ||eng d
040 |c cru CEDI 
082 |a  658.4 B413i 
100 |a Bedworth, David D  |9 21542 
245 |a Industrial systems : planning, analysis, control  
260 |a  New York, New York : Ronald Press,  |c  c1973. 
300 |a  x, 504 páginas : ilustraciones ; 24 cm 
650 |x ADMINISTRACION INDUSTRIAL  |9 21543 
942 |2 ddc  |c BK 
999 |c 14527  |d 14527